| 000 | 00900cam a2200277 a 4500 | ||
|---|---|---|---|
| 005 | 20260322212030.0 | ||
| 008 | data | ||
| 010 | _a 84139026 | ||
| 040 |
_aDLC _cDLC _dDLC |
||
| 043 | _an-us-az | ||
| 050 | 0 | 0 |
_aE185.93.A7 _bH37 1983 |
| 082 | 0 | 0 |
_a979.1/00496073 _219 |
| 090 | _aF806 H37 1983 | ||
| 100 | 1 | _aHarris, Richard E. | |
| 245 | 1 | 4 |
_aThe first hundred years : _ba history of Arizona Blacks / _cRichard E. Harris. |
| 260 |
_aApache Junction, AZ (P.O. Box 1606, Apache Junction 85220) : _bRelmo Publishers, _cc1983. |
||
| 300 |
_aiv, 151 p. : _bill. ; _c23 cm. |
||
| 500 | _aCover title: The first 100 years. | ||
| 500 | _aSpine title: A history of Arizona Blacks. | ||
| 504 | _aIncludes bibliographical references. | ||
| 650 | 0 |
_aAfrican Americans _zArizona _xHistory. |
|
| 651 | 0 |
_aArizona _xHistory. |
|
| 740 | 0 | _aFirst 100 years. | |
| 740 | 0 | _aHistory of Arizona Blacks. | |
| 001 | data | ||
| 999 |
_c697 _d697 |
||